Competing in the information age: align in the sand
保存先:
| 第一著者: | |
|---|---|
| フォーマット: | 図書 |
| 言語: | 英語 |
| 出版事項: |
Nueva York
Oxford University
2003
|
| 版: | 2a. ed |
| 主題: | |
| タグ: |
タグ追加
タグなし, このレコードへの初めてのタグを付けませんか!
|
MARC
| LEADER | 00000nam a2200000 a 4500 | ||
|---|---|---|---|
| 001 | UCL4838 | ||
| 003 | CL-VaPUC | ||
| 008 | 040227e20030000US |||||||||||||||||eng|d | ||
| 020 | |a 0195159535 | ||
| 082 | 0 | 4 | |a 658.403 |b LUF |2 21 |
| 100 | |a Luftman, Jerry N. |e autor |9 497595 | ||
| 245 | 1 | 0 | |a Competing in the information age: align in the sand |
| 250 | |a 2a. ed | ||
| 300 | |a 413 p | ||
| 942 | |c BK | ||
| 945 | |d 20040227 00:00:00 |a cmena | ||
| 260 | |a Nueva York |b Oxford University |c 2003 | ||
| 650 | 0 | |a Cambio organizacional |9 260741 | |
| 650 | 0 | |a Planificación estratégica |9 259735 | |
| 650 | 0 | |a Gestión de la información |9 362327 | |
| 650 | 0 | |a Competitividad |9 308495 | |
| 583 | |a last modification |c 20040227 00:00:00 |k Rodrigo Vera | ||
| 999 | |c 307596 |d 307594 | ||